<?xml version="1.0" encoding="UTF-8"?>
<record
    xmlns:xsi="http://www.w3.org/2001/XMLSchema-instance"
    xsi:schemaLocation="http://www.loc.gov/MARC21/slim http://www.loc.gov/standards/marcxml/schema/MARC21slim.xsd"
    xmlns="http://www.loc.gov/MARC21/slim">

  <leader>00784nam a22002537a 4500</leader>
  <controlfield tag="003">UA-OsUOA</controlfield>
  <controlfield tag="001"> 28592 </controlfield>
  <controlfield tag="007">ta</controlfield>
  <controlfield tag="008">20050412b un ||||| |||| 00| 0 ukr d</controlfield>
  <datafield tag="100" ind1=" " ind2=" ">
    <subfield code="a">&#x41A;&#x41F;&#x420;&#x421;. &#x417;'&#x457;&#x437;&#x434;.</subfield>
  </datafield>
  <datafield tag="090" ind1=" " ind2=" ">
    <subfield code="a">94(47+57)</subfield>
    <subfield code="b">&#x41A;77</subfield>
  </datafield>
  <datafield tag="942" ind1=" " ind2=" ">
    <subfield code="c">BK</subfield>
  </datafield>
  <datafield tag="040" ind1=" " ind2=" ">
    <subfield code="a">UA-OsUOA</subfield>
    <subfield code="b">ukr</subfield>
    <subfield code="c">UA-OsUOA</subfield>
    <subfield code="d">UA-OsUOA</subfield>
  </datafield>
  <datafield tag="245" ind1=" " ind2=" ">
    <subfield code="a">XXVII &#x437;'&#x457;&#x437;&#x434; &#x41A;&#x43E;&#x43C;&#x443;&#x43D;&#x456;&#x441;&#x442;&#x438;&#x447;&#x43D;&#x43E;&#x457; &#x43F;&#x430;&#x440;&#x442;&#x456;&#x457; &#x420;&#x430;&#x434;&#x44F;&#x43D;&#x441;&#x44C;&#x43A;&#x43E;&#x433;&#x43E; &#x421;&#x43E;&#x44E;&#x437;&#x443;, 25 &#x43B;&#x44E;&#x442;. - 6 &#x431;&#x435;&#x440;&#x435;&#x437;&#x43D;&#x44F; 1986 &#x440;. &#x421;&#x442;&#x435;&#x43D;&#x43E;&#x433;&#x440;&#x430;&#x444;&#x456;&#x447;&#x43D;&#x438;&#x439; &#x437;&#x432;&#x456;&#x442;.</subfield>
    <subfield code="c">&#x41A;&#x41F;&#x420;&#x421;. &#x417;'&#x457;&#x437;&#x434;.; &#x41A;&#x41F;&#x420;&#x421;. &#x417;'&#x457;&#x437;&#x434;.</subfield>
  </datafield>
  <datafield tag="300" ind1=" " ind2=" ">
    <subfield code="a">578 &#x441;.</subfield>
  </datafield>
  <datafield tag="955" ind1=" " ind2=" ">
    <subfield code="a">0</subfield>
  </datafield>
  <datafield tag="041" ind1=" " ind2=" ">
    <subfield code="a">ukr</subfield>
  </datafield>
  <datafield tag="080" ind1=" " ind2=" ">
    <subfield code="a">94(47+57)</subfield>
  </datafield>
  <datafield tag="260" ind1=" " ind2=" ">
    <subfield code="a">&#x41A;.</subfield>
    <subfield code="b">&#x41F;&#x43E;&#x442;&#x456;&#x442;&#x432;&#x438;&#x434;&#x430;&#x432; &#x423;&#x43A;&#x440;&#x430;&#x457;&#x43D;&#x438;</subfield>
    <subfield code="c">1987</subfield>
  </datafield>
  <datafield tag="246" ind1="3" ind2="1">
    <subfield code="a">&#x422;. 3</subfield>
    <subfield code="n"></subfield>
  </datafield>
  <datafield tag="044" ind1=" " ind2=" ">
    <subfield code="a">UA</subfield>
  </datafield>
  <datafield tag="650" ind1=" " ind2="7">
    <subfield code="2">UDC</subfield>
  </datafield>
  <datafield tag="999" ind1=" " ind2=" ">
    <subfield code="c">314961</subfield>
    <subfield code="d">314961</subfield>
  </datafield>
  <datafield tag="952" ind1=" " ind2=" ">
    <subfield code="0">0</subfield>
    <subfield code="1">0</subfield>
    <subfield code="2">udc</subfield>
    <subfield code="4">0</subfield>
    <subfield code="7">0</subfield>
    <subfield code="a">102</subfield>
    <subfield code="b">102</subfield>
    <subfield code="d">2005-04-12</subfield>
    <subfield code="i">90388</subfield>
    <subfield code="l">0</subfield>
    <subfield code="o">94(47+57) &#x41A;77</subfield>
    <subfield code="p">90388</subfield>
    <subfield code="r">2022-02-07 00:00:00</subfield>
    <subfield code="w">2005-04-12</subfield>
    <subfield code="y">BK</subfield>
  </datafield>
</record>
